| 000 | 00714nam a2200217 a 4500 | ||
|---|---|---|---|
| 999 |
_c2056 _d2056 |
||
| 001 | 2056 | ||
| 003 | BD-JhCC | ||
| 005 | 20171111201359.0 | ||
| 008 | 171029s1980 ii |||| ||a| 000 0 eng d | ||
| 035 | _a(BD-JhCC)2056 | ||
| 040 |
_aBD-JhCC _dBD-JhCC |
||
| 041 | _aeng | ||
| 082 |
_a891.4409 _bBAN 1980 |
||
| 100 | _aবন্দ্যোপাধ্যায়, সরোজ | ||
| 245 |
_aবাংলা উপন্যাসের কালান্তর / _cসরোজ বন্দ্যোপাধ্যায়, |
||
| 260 |
_aকলিকাতা : _bদেজ পাবলিশিং, _c1980 |
||
| 300 |
_a385 p. : _c22 cm. |
||
| 650 | _aBengali Literature | ||
| 942 |
_2ddc _cBK |
||